| 000 | 00444nam a2200181Ia 4500 | ||
|---|---|---|---|
| 008 | 121012t2006 xxu||||| |||| 00| 0 sin d | ||
| 041 | _asin | ||
| 080 |
_aX8S1 _bSEN |
||
| 100 | _aSenanayaka .G.B | ||
| 245 | _aරුබාය්යාට් | ||
| 246 | _aRubaiyat | ||
| 250 | _a3rd | ||
| 260 |
_bS.Godage Samagama _aColombo 10 _c2006 |
||
| 300 | _b72p., 21 cm | ||
| 942 | _cBK | ||
| 999 |
_c76353 _d76353 |
||
| 003 | LK-CoDNM | ||
| 040 |
_aLK-CoDNM _dLK-CoDNM _eLK-CoDNM |
||